Statistics for Double M Answers

Click here to take the quiz!

General Stats

  • This quiz has been taken 25,132 times
    (10,725 since last reset)
  • The average score is 14 of 20

Answer Stats

Hint Answer % Correct
Preserved body from ancient EgyptMummy
98%
Founder of IslamMuhammad
93%
Candy that often comes in bear
or worm shapes
Gummy
88%
German brothers who collected
fairy tales
Grimm
88%
3rd Greek letterGamma
85%
Party of Marx and LeninCommunist
85%
Smallest type of bird{Humming}bird
82%
Most popular name for baby girls
in the U.S. in 2017
Emma
71%
Chickpeas, tahini, olive oil, garlic,
lemon, and salt
Hummus
70%
_____ Davis Jr.Sammy
64%
French for "woman"Femme
61%
Rodent incorrectly thought to
commit mass suicide
Lemming
58%
German for "welcome"Willkommen
58%
Capital of JordanAmman
58%
Gymnast's horse?Pommel
55%
1994 Winter Olympics hostLille{hammer}
54%
Germany's "Desert Fox" general:
Erwin ______
Rommel
52%
NH3Ammonia
51%
Wine stewardSommelier
47%
A person from Birmingham,
or their accent
Brummie
45%

Score Distribution

Percentile by Number Answered

Percent of People with Each Score

Your Score History

You have not taken this quiz since the last reset